Norway: County Capitals - Statistics

General Stats
  • This quiz has been taken 61 times
    3 since last reset
  • The average score is 7 of 15
Answer Stats
County Capital % Correct
Vestland Bergen
100%
Buskerud Drammen
100%
Oslo Oslo
100%
Akershus Oslo
67%
Nordland Bodø
33%
Innlandet Hamar
33%
Agder Kristiansand
33%
Møre og Romsdal Molde
33%
Østfold Sarpsborg
33%
Telemark Skien
33%
Rogaland Stavanger
33%
Trøndelag Steinkjer
33%
Vestfold Tønsberg
33%
Troms Tromsø
33%
Finnmark Vadsø
0%
No matching quizzes found
Score Distribution
Percent of People with Each Score
Percentile by Number Answered
Your Score History
You have not taken this quiz since the last reset